书目信息 |
| 题名: |
家畜防疫员
|
|
| 作者: | 孙卫东 , 张克春 主编 | |
| 分册: | ||
| 出版信息: | 北京 化学工业出版社 2015.11 |
|
| 页数: | 280页 | |
| 开本: | 21cm | |
| 丛书名: | ||
| 单 册: | ||
| 中图分类: | S858.2 | |
| 科图分类: | ||
| 主题词: | ||
| 电子资源: | ||
| ISBN: | 978-7-122-25136-7 | |
| 000 | 00815nam0 2200229 450 | |
| 001 | 1419 | |
| 005 | 20180928101105.72 | |
| 010 | @a978-7-122-25136-7@dCNY32.00 | |
| 100 | @a20160112d2015 em y0chiy50 ea | |
| 101 | 0 | @achi |
| 102 | @aCN@b110000 | |
| 105 | @aa z 000yy | |
| 200 | 1 | @a家畜防疫员@9jia chu fang yi yuan@b专著@f孙卫东,张克春主编 |
| 210 | @a北京@c化学工业出版社@d2015.11 | |
| 215 | @a280页@c图@d21cm | |
| 330 | @a本书内容包括:家畜防疫员的岗位职责职业守则,家畜防疫员专业理论基础知识,家畜防疫员的专业技能基础知识,疫情巡查、疫情报告及家畜常见疫病的防治技术以及与家畜疫病防治相关的法律法规等。 | |
| 610 | 0 | @a家畜疾病@x防治 |
| 690 | @aS858.2@v5 | |
| 701 | 0 | @a孙卫东@9sun wei dong@4主编 |
| 701 | 0 | @a张克春@9zhang ke chun@4主编 |
| 801 | 0 | @aCN@b91MARC@c20160302 |
| 905 | @aMuseLib@dS858.2@e153 | |
| 家畜防疫员/孙卫东,张克春主编.-北京:化学工业出版社,2015.11 |
| 280页:图;21cm |
| ISBN 978-7-122-25136-7:CNY32.00 |
| 本书内容包括:家畜防疫员的岗位职责职业守则,家畜防疫员专业理论基础知识,家畜防疫员的专业技能基础知识,疫情巡查、疫情报告及家畜常见疫病的防治技术以及与家畜疫病防治相关的法律法规等。 |
| ● |
| 相关链接 |
|
|
|
|
正题名:家畜防疫员
索取号:S858.2/153
 
预约/预借
| 序号 | 登录号 | 条形码 | 馆藏地/架位号 | 状态 | 备注 |
| 1 | 1122586 | 211225869 | 第二样本阅览室/ [索取号:S858.2/153] | 在馆 | |
| 2 | 1122587 | 211225878 | 第三借阅区/ [索取号:S858.2/153] | 在馆 | |
| 3 | 1122588 | 211225887 | 第三借阅区/ [索取号:S858.2/153] | 在馆 | |
| 4 | 1122589 | 211225896 | 第三借阅区/ [索取号:S858.2/153] | 在馆 | |
| 5 | 1122590 | 211225903 | 密集书库-生命科学系/ [索取号:S858.2/153] | 在馆 |